书目信息 |
| 题名: |
神话、仪式与口述
|
|
| 作者: | 古迪 著 ;李源 译 | |
| 分册: | ||
| 出版信息: | 北京 中国人民大学出版社 2014 |
|
| 页数: | 184页 | |
| 开本: | 24cm | |
| 丛书名: | 当代世界学术名著 | |
| 单 册: | ||
| 中图分类: | K061 | |
| 科图分类: | ||
| 主题词: | 比较历史学--Bi Jiao Li Shi Xue--研究 | |
| 电子资源: | ||
| ISBN: | 978-7-300-18773-0 | |
| 000 | 01153nam0 22002771 450 | |
| 001 | 0101082545 | |
| 005 | 20161202101733.98 | |
| 010 | @a978-7-300-18773-0@dCNY35.00 | |
| 100 | @a20140527d2014 em y0chiy50 ea | |
| 101 | 1 | @achi@ceng |
| 102 | @aCN@b110000 | |
| 105 | @ay z 001yy | |
| 106 | @ar | |
| 200 | 1 | @a神话、仪式与口述@AShen Hua Yi Shi Yu Kou Shu@dMyth, ritual and the oral@f(英)杰克·古迪(Jack Goody)著@g李源译@zeng |
| 210 | @a北京@c中国人民大学出版社@d2014 | |
| 215 | @a184页@d24cm | |
| 225 | 2 | @a当代世界学术名著@ADang Dai Shi Jie Xue Shu Ming Zhu |
| 330 | @a本书综合分析了古代文本与现代的作品,剖析了一些基础性概念体系,这些体系是现代人类学的基础。作者依据加纳北部罗德佳地区(LoDagaa)的巴格尔(Bagre)神话研究,挑战了结构-功能主义对口语“文学”的解读方式,强调问题的多样性、想象力、创造力、方法论与分析方式等问题。 | |
| 461 | 0 | @12001 @a当代世界学术名著 |
| 510 | 1 | @aMyth, ritual and the oral@zeng |
| 606 | 0 | @a比较历史学@ABi Jiao Li Shi Xue@x研究 |
| 690 | @aK061@v5 | |
| 701 | 0 | @c(英)@a古迪@AGu Di@c(Goody, Jack)@4著 |
| 702 | 0 | @a李源@ALi Yuan@4译 |
| 801 | 0 | @aCN@bTANGWEI@c20161128 |
| 905 | @b0952466-70@dK061@e69@f5 | |
| 神话、仪式与口述=Myth, ritual and the oral/(英)杰克·古迪(Jack Goody)著/李源译.-北京:中国人民大学出版社,2014 |
| 184页;24cm.-(当代世界学术名著) |
| ISBN 978-7-300-18773-0:CNY35.00 |
| 本书综合分析了古代文本与现代的作品,剖析了一些基础性概念体系,这些体系是现代人类学的基础。作者依据加纳北部罗德佳地区(LoDagaa)的巴格尔(Bagre)神话研究,挑战了结构-功能主义对口语“文学”的解读方式,强调问题的多样性、想象力、创造力、方法论与分析方式等问题。 |
| ● |
| 相关链接 |
|
|
|
|
正题名:神话、仪式与口述
索取号:K061/69
 
预约/预借
| 序号 | 登录号 | 条形码 | 馆藏地/架位号 | 状态 | 备注 |
| 1 | 0952466 | 209524665 | 第二样本阅览室/ [索取号:K061/69] | 在馆 | |
| 2 | 0952467 | 209524674 | 第二借阅区/ [索取号:K061/69] | 在馆 | |
| 3 | 0952468 | 209524683 | 第二借阅区/ [索取号:K061/69] | 在馆 | |
| 4 | 0952469 | 209524692 | 第二借阅区/ [索取号:K061/69] | 在馆 | |
| 5 | 0952470 | 209524709 | 第二借阅区/ [索取号:K061/69] | 在馆 |